| Tag |
First Indicator |
Second Indicator |
Subfields |
| LEADER |
00000cam a22000001a 4500 |
| 001 |
in00002897152 |
| 005 |
20190401184209.0 |
| 006 |
m o d |
| 007 |
cr un mmmapmmp |
| 008 |
070102s1888 dcu o f000 0 eng d |
| 035 |
|
|
|a cis2004054498
|
| 040 |
|
|
|a UMI
|c UMI
|d UtOrBLW
|
| 043 |
|
|
|a n-us---
|
| 099 |
|
|
|a ProQuest Serial Set Number 2510 S.exdoc.72
|
| 110 |
1 |
|
|a United States.
|b Congress.
|b Senate.
|b Committee on Public Lands.
|
| 245 |
1 |
0 |
|a Letter from the Secretary of the Interior, in response to Senate resolution of January 19, 1888, relative to plans of legislation to dispose of public lands so as to protect certain interests.
|
| 246 |
1 |
|
|a Plans of legislation to dispose of public lands so as to protect certain interests
|
| 264 |
|
1 |
|a Washington :
|b [publisher not identified],
|c 1888.
|
| 300 |
|
|
|a 1 online resource.
|
| 336 |
|
|
|a text
|b txt
|2 rdacontent
|
| 337 |
|
|
|a computer
|b c
|2 rdamedia
|
| 338 |
|
|
|a online resource
|b cr
|2 rdacarrier
|
| 490 |
0 |
|
|a S.exdoc.72
|
| 500 |
|
|
|a Record is based on bibliographic data in ProQuest U.S. Serial Set Digital Collection (last viewed Jan. 2007). Reuse except for individual research requires license from ProQuest, LLC.
|
| 510 |
3 |
|
|a ProQuest U.S. Serial Set Digital Collection
|
| 500 |
|
|
|a Electronic resource.
|
| 650 |
|
0 |
|a Lumber and lumbering.
|
| 650 |
|
0 |
|a Forest reserves.
|
| 650 |
|
0 |
|a Public lands.
|
| 655 |
|
7 |
|a Electronic books.
|2 local
|
| 710 |
2 |
|
|a ProQuest (Firm)
|
| 830 |
|
0 |
|a United States congressional serial set.
|
| 856 |
4 |
0 |
|u http://proxy.library.tamu.edu/login?url=http://congressional.proquest.com/congcomp/getdoc?SERIAL-SET-ID=2510+S.exdoc.72
|z Connect to the full text of this electronic book
|t 0
|
| 999 |
|
|
|a MARS
|
| 999 |
f |
f |
|s 6dcc373d-fe02-3199-8379-17cbf48cdc14
|i 90750f86-8870-3d44-9514-e723d4f47cc6
|t 0
|
| 952 |
f |
f |
|a Texas A&M University
|b College Station
|c Electronic Resources
|d Available Online
|t 0
|e ProQuest Serial Set Number 2510 S.exdoc.72
|h Other scheme
|
| 998 |
f |
f |
|a ProQuest Serial Set Number 2510 S.exdoc.72
|t 0
|l Available Online
|